गुरु नानक : (Record no. 119518)
[ view plain ]
| 000 -LEADER | |
|---|---|
| fixed length control field | 01230nam a22002657a 4500 |
| 005 - DATE AND TIME OF LATEST TRANSACTION | |
| control field | 20170124103140.0 |
| 010 ## - LIBRARY OF CONGRESS CONTROL NUMBER | |
| LC control number | B-152574 |
| 020 ## - INTERNATIONAL STANDARD BOOK NUMBER | |
| Terms of availability | 250.00 |
| International Standard Book Number | 8190183710 |
| 035 ## - SYSTEM CONTROL NUMBER | |
| System control number | B-152574 |
| 037 ## - SOURCE OF ACQUISITION | |
| Source of stock number/acquisition | Cen Lib/Ret |
| 040 ## - CATALOGING SOURCE | |
| Original cataloging agency | DPL |
| Language of cataloging | HN |
| 082 ## - DEWEY DECIMAL CLASSIFICATION NUMBER | |
| Classification number | 260.35 |
| Item number | गुरुना |
| 245 ## - TITLE STATEMENT | |
| Title | गुरु नानक : |
| Statement of responsibility, etc | संपादक नवजोत सिंह |
| Remainder of title | जीवन, दर्शन और शिक्षा / |
| 246 ## - VARYING FORM OF TITLE | |
| Title proper/short title | Guru Nanak : jivan, darshan aur shiksha / |
| Remainder of title | sampadak Navjot Singh |
| 260 ## - PUBLICATION, DISTRIBUTION, ETC. (IMPRINT) | |
| Place of publication, distribution, etc | पंजाब |
| Name of publisher, distributor, etc | प्रेमनाथ जसवंती देवी प्रतिष्ठान |
| Date of publication, distribution, etc | 2004 |
| 270 ## - ADDRESS | |
| Address | गावं सिम्बल माजरा पोस्ट नूरपुर बेदी, रोपड़ |
| City | पंजाब |
| 300 ## - PHYSICAL DESCRIPTION | |
| Extent | vii,279पृ. |
| Dimensions | 21सेमी(सजिल्द) |
| 500 ## - GENERAL NOTE | |
| General note | अनुक्रमणिका शामिल |
| 650 ## - SUBJECT ADDED ENTRY--TOPICAL TERM | |
| Topical term or geographic name as entry element | सिख धर्म |
| 9 (RLIN) | 3671 |
| 650 ## - SUBJECT ADDED ENTRY--TOPICAL TERM | |
| Topical term or geographic name as entry element | गुरु नानक--जीवनी |
| 9 (RLIN) | 6720 |
| 650 ## - SUBJECT ADDED ENTRY--TOPICAL TERM | |
| Topical term or geographic name as entry element | Sikhism |
| 9 (RLIN) | 3669 |
| 650 ## - SUBJECT ADDED ENTRY--TOPICAL TERM | |
| Topical term or geographic name as entry element | Guru Nanak--Biography |
| 9 (RLIN) | 112187 |
| 700 ## - ADDED ENTRY--PERSONAL NAME | |
| Personal name | नवजोत सिंह |
| 9 (RLIN) | 112188 |
| 942 ## - ADDED ENTRY ELEMENTS (KOHA) | |
| Source of classification or shelving scheme | Dewey Decimal Classification |
| Koha item type | Hindi Books |
| Classification part | 260.35 |
| Call number suffix | गुरुना |
| Withdrawn status | Lost status | Damaged status | Not for loan | Home library | Current library | Date acquired | Source of acquisition | Cost, normal purchase price | Total Checkouts | Total Renewals | Full call number | Barcode | Date last seen | Date checked out | Copy number | Cost, replacement price | Price effective from | Koha item type |
|---|---|---|---|---|---|---|---|---|---|---|---|---|---|---|---|---|---|---|
| Central Library | Central Library | 17/09/2015 | Cen Lib/Ret | 250.00 | 7 | 1 | 260.35 गुरुना | B-152574 | 23/03/2021 | 08/03/2021 | 1 | 250.00 | 17/09/2015 | Hindi Books |
